| 000 -LEADER |
| fixed length control field |
01538pab a2200169 454500 |
| 008 - FIXED-LENGTH DATA ELEMENTS--GENERAL INFORMATION |
| fixed length control field |
180718b2015 xxu||||| |||| 00| 0 eng d |
| 100 ## - MAIN ENTRY--PERSONAL NAME |
| Personal name |
Schnell, Sabina |
| 245 ## - TITLE STATEMENT |
| Title |
Mimicry, persuasion, or learning? the case of two transparency and anti-corruption policies in Romania |
| 260 ## - PUBLICATION, DISTRIBUTION, ETC. |
| Date of publication, distribution, etc. |
2015 |
| 300 ## - PHYSICAL DESCRIPTION |
| Extent |
p.277-287. |
| 362 ## - DATES OF PUBLICATION AND/OR SEQUENTIAL DESIGNATION |
| Dates of publication and/or sequential designation |
Oct |
| 520 ## - SUMMARY, ETC. |
| Summary, etc. |
Public sector reforms in developing countries based on global best practices have come under increasing criticism in the development community. The charge is that in trying to increase international legitimacy, governments copy institutional forms that are not suited to the local context. Yet, such mimicry is not the only driver of international policy diffusion. Domestic policy entrepreneurs learn from experiences of other countries and invoke global norms and values in advancing their preferred policy options. Pressures for mimicry can help such policy entrepreneurs counter resistance from domestic elites, especially in the case of value-based policies, such as transparency and anti-corruption policies. The cases of the Freedom of Information Act and the Asset Disclosure Laws in Romania are used to illustrate how external pressure for legitimacy can empower domestic policy entrepreneurs and facilitate a process akin to problem-driven iterative adaptation advocated by critics of isomorphic mimicry in public sector reform. - Reproduced. |
| 650 ## - SUBJECT ADDED ENTRY--TOPICAL TERM |
| Topical term or geographic name entry element |
Corruption - Romania |
| 650 ## - SUBJECT ADDED ENTRY--TOPICAL TERM |
| Topical term or geographic name entry element |
Corruption |
| 773 ## - HOST ITEM ENTRY |
| Main entry heading |
Public Administration and Development |
| 909 ## - |
| -- |
110327 |